|
|
|
|
| LEADER |
00812nab#a2200313#ar4500 |
| 001 |
000044421 |
| 003 |
SVKKK |
| 005 |
00000000000000.0 |
| 008 |
c xo e sloo |
| FMT |
|
|
|
| 038 |
|
|
|a SVKKK
|
| 040 |
|
|
|a SVKKK
|b slo
|e AACR2
|
| 041 |
0 |
|
|a slo
|
| 044 |
|
|
|a xo
|c SK
|
| 080 |
|
|
|a 362.711:36.058.
|2 1981
|
| 090 |
|
|
|a ŠVKK
|
| 100 |
1 |
|
|a Šindlerová, N.
|4 aut
|
| 245 |
1 |
0 |
|a Bankovka pre bábätko bez mamy :
|b SV čítajú aj v Kanade
|c Šindlerová N.,
|
| 300 |
|
|
|b Fotogr.2
|
| 650 |
0 |
4 |
|a Thurek, Ján
|x Kanada
|x bydlisko
|
| 650 |
0 |
4 |
|a dar finančný
|z Košice
|x informácie
|
| 773 |
0 |
|
|t Slovenský východ
|g Roč. 3/22, č. 72(1993), dát. 0327, s. 1,2
|
| 957 |
|
|
|a Košice
|
| 958 |
|
|
|a KE
|
| 974 |
|
|
|d 011204
|a Mi
|
| 992 |
|
|
|a RBX
|
| BAS |
|
|
|
| 852 |
|
|
|a SVKKK
|b BIB
|
| 998 |
|
|
|a REG
|